| 000 | 00468 a2200181 4500 | ||
|---|---|---|---|
| 999 |
_c29638 _d29638 |
||
| 003 | NUST | ||
| 005 | 20180118125022.0 | ||
| 008 | 180118b xxu||||| |||| 00| 0 eng d | ||
| 020 | _a3540345132 | ||
| 020 | _a9783540345138 | ||
| 082 | _a515.42 | ||
| 100 | 1 |
_aBogachev, Vladimir I. _98761 |
|
| 245 | 1 | 0 |
_aMeasure theory / _cVladimir I. Bogachev. |
| 260 |
_a[S.l.] : _bSpringer, _c2007. |
||
| 300 |
_a1105 p. ; _c25 cm. |
||
| 490 | 1 | _a2 volume set. | |
| 700 |
_aBogachev, Vladimir I. _98761 |
||
| 830 | 0 |
_a2 volume set. _98762 |
|
| 942 |
_aSNS _cBK _k515.42 BOG _2ddc |
||